00665nam a22001817a 4500003000500000038001800005082000800023100002500031245010600056264003400162300002500196650004500221700004300266856005700309942001200366999001900378952008600397NUST aNusrat Nadeem a200 aNoor Ul Huda9125493 aUnderstanding the Process of Radicalization: A Case Study of Pakistani Madrasa Females/cNoor Ul Huda aIslamabad;bCIPS NUST;c2024. a333,p;cill;e30,cm. a PhD-Peace and Conflict Studies9125494 aSupervisor: Dr. Muhammad Makki9120500 uhttp://10.250.8.41:8080/xmlui/handle/123456789/46072 2ddccSC c611233d611233 00104070aCLbCLcTHEd2024-08-29l0o200pCLPT-643r2024-08-29w2024-08-29ySC